000 00594nam a2200217 a 4500
001 BRL_57
005 20190320210553.0
008 031012s1946----mx-a######---#000-0#spa-#
041 _aspa
044 _amx
050 4 _aN8
_b.M66 1946
100 1 _aMonroy, Salazar
_922786
245 1 0 _aFuentes coloniales de Puebla
_cSalazar Monroy ; prólogo Delfino C. Moreno.
260 _aMéxico
_b[Impresos Lopez]
_c1946
300 _a86 p.
_bil.
_c23 cm.
500 _aAu96
650 1 4 _aArte colonial
_zMéxico
_922787
700 1 _aMoreno, Delfino C.
_eprol.
_95434
902 _aGRL
942 _2lcc
_cB
999 _c8870
_d8870